Animal Classification Picture Quiz - Statistics

General Stats
  • This quiz has been taken 12 times
  • The average score is 6 of 10
Answer Stats
Question Answer % Correct
Rodentia
92%
Nematoda
83%
Chiroptera
67%
Proboscidea
67%
Afrotheria
67%
Decapoda
50%
Placentalia
50%
Dinosauria
42%
Cnidaria
42%
Hymenoptera
33%
No matching quizzes found
Score Distribution
Percent of People with Each Score
Percentile by Number Answered
Your Score History
You have not taken this quiz